[Event "Zuerich Kortschnoj-B"]
[Site "Zuerich"]
[Date "2001.04.28"]
[Round "2"]
[White "Jenni, Florian"]
[Black "Spassky, Boris Vasilievich"]
[Result "1/2-1/2"]
[WhiteElo "2471"]
[BlackElo "2551"]
[Annotator "Wedberg,T"]
[PlyCount "71"]
[EventDate "2001.04.28"]
[EventType "tourn"]
[EventRounds "5"]
[EventCountry "SUI"]
[EventCategory "15"]
[SourceTitle "CBM 083"]
[Source "ChessBase"]
[SourceDate "2001.07.05"]
[SourceVersion "1"]
[SourceVersionDate "2001.07.05"]
[SourceQuality "1"]

1. e4 e5 2. Nf3 Nc6 3. Bb5 Nd4 4. Nxd4 exd4 5. O-O g6 {A perfectly playable
side line.} (5... Bc5 {is the main line.}) 6. d3 (6. f4 Bg7 7. f5 c6 (7... gxf5
8. Qf3 Qh4 9. Qxf5 $16 {Matulovic,M-Barcza,G/Sochi 1966 (15)}) (7... Be5 8. Qf3
g5 9. d3 h6 10. Nd2 c6 11. Bc4 Nf6 12. Qe2 g4 13. c3 Qc7 $132 {1-0 Johansson,
M-Fallone,M/La Habana 1966/EXT 99/[Bulletin] (35)}) 8. Ba4 Be5 9. Qf3 Nf6 10.
d3 d6 11. Bf4 gxf5 12. Nd2 $36 {1/2-1/2 Tzoumbas,A-Kofidis,A/Komotini 1993/TD 
(46)}) 6... Bg7 7. f4 (7. Nd2 Ne7 8. f4 c6 9. Bc4 d5 10. Bb3 O-O 11. Nf3 c5 12.
e5 b5 13. c3 c4 14. Bc2 dxc3 15. bxc3 Qa5 16. Bd2 Bg4 17. d4 Qb6 18. Rb1 $14 {
1-0 Capablanca,J-Blackburne,J/St Petersburg 1914/HCL (31)}) 7... c6 8. Ba4 (8.
Bc4 d5 9. exd5 cxd5 10. Bb5+ Kf8 11. Nd2 $4 {Quite a famous mistake.} Qa5 $1
12. a4 a6 $19 {1/2-1/2 Alekhine,A-Blackburne,J/St Petersburg 1914/HCL (45)})
8... d5 (8... Ne7 9. f5 gxf5 10. exf5 Bf6 11. Qh5 d5 12. Bh6 Qd6 13. Nd2 Bd7
14. Rae1 O-O-O 15. a3 Ng8 16. Bf4 Qf8 17. Nf3 $16 {1-0 Pietzsch,W-Elstner,R/
Soemmerda 1950/EXT 2000 (36)}) 9. exd5 $146 (9. f5 gxf5 10. exf5 h5 11. c4 (11.
Nd2) 11... dxc3 12. bxc3 Nh6 $13 {0-1 Martin del Campo,R-Moreno,A/Cienfuegos
1997/CBM 58 ext (38)}) 9... Qxd5 10. Re1+ Ne7 11. Qe2 Bf6 12. Bb3 Qd8 13. Nd2
O-O 14. Ne4 Bg7 15. f5 $5 {[%mdl 16] White plays this phase of the game very
energetically. Removing the f4-P opens up both the diagonal c1-g5 and the
f-file.} Nd5 (15... Nxf5 16. Bg5 Qc7 17. Nf6+ Bxf6 (17... Kh8 18. Ne8) 18. Bxf6
$40) (15... Bxf5 16. Bg5 h6 17. Nd6 (17. Nf6+ Kh8 18. Bh4 Ng8) 17... hxg5 18.
Nxb7 Qc7 19. Qxe7 Qxe7 20. Rxe7 $14) 16. f6 $6 {Correct or not, White keeps
the initiative.} (16. Bxd5 $142 cxd5 17. Ng3) (16. Bg5 $5) 16... Nxf6 17. Bg5
Bf5 $1 {Spassky finds the best defence.} 18. Ng3 Bd7 (18... Qd7 19. Qf1 h6 20.
Bh4 Rae8 21. Nxf5 gxf5 22. h3 $44) 19. Rf1 h6 20. Bxf6 Bxf6 21. Ne4 Be7 $2 {
Now White gets a free throw.} (21... Be5 $142 22. Rae1 (22. Nc5 Qe7 $17) (22.
Rxf7 $2 Rxf7 23. Rf1 Be8 24. Qf3 Qe7 $19) 22... Qc7 23. Qf2 Bf5 $15) 22. Rxf7
$1 Rxf7 23. Rf1 Be8 (23... Bf5 24. Bxf7+ Kxf7 25. g4 $40) 24. Qf2 Kg7 25. Bxf7
c5 26. Qf4 (26. Bxe8 $1 Qxe8 27. Qf4 Bf8 (27... b6 28. Qe5+ Kh7 29. Rf6 $18)
28. Qc7+ Qe7 29. Nxc5 Qxc7 30. Ne6+ Kg8 31. Nxc7 Rc8 32. Ne6 $16) 26... Qb8 27.
Qf3 Qd8 28. Ng3 (28. Bxe8 $1 $16) 28... Rb8 29. Bxe8 Qxe8 30. Re1 Qf7 $2 (30...
Qf8 $142) 31. Qe4 $2 $11 (31. Nf5+ gxf5 32. Qg3+ $18) 31... Bd6 32. Rf1 Qe7 33.
a4 Re8 34. Qxe7+ Bxe7 35. Ne4 b6 36. b3 1/2-1/2

[Event "SWE-ch"]
[Site "Linkoping"]
[Date "2001.07.02"]
[Round "2"]
[White "Couso, Luis"]
[Black "Hector, Jonny"]
[Result "1/2-1/2"]
[WhiteElo "2348"]
[BlackElo "2532"]
[Annotator "Ziegler,A"]
[PlyCount "106"]
[EventDate "2001.06.30"]
[EventType "tourn"]
[EventRounds "13"]
[EventCountry "SWE"]
[EventCategory "8"]
[SourceTitle "CBM 085"]
[Source "ChessBase"]
[SourceDate "2001.11.13"]
[SourceVersion "1"]
[SourceVersionDate "2001.11.13"]
[SourceQuality "1"]

1. e4 e5 2. Nf3 Nc6 3. Bb5 Bc5 4. O-O (4. c3 {Var länge draget som gällde.})
4... Nd4 5. Nxd4 exd4 {Svart ligger efter i utvecklingen men resonerar som så
att vit kommer att få problem med att utveckla damflygeln. Speciellt efter
textdraget som följer.} 6. c3 c6 7. Bc4 (7. Bd3 $5) 7... d5 ({Alternativet är} 
7... d6) 8. exd5 (8. Bb3 $5 {Med idén att bemöta 8...dxe4 med 9.Lxf7.}) 8...
cxd5 9. Bb5+ Bd7 (9... Kf8 {Spelades av Jonny så tidigt som 1989 (!) mot
Donchev.}) 10. Na3 $5 {Jag gissar att draget kom som en överraskning.} (10.
Re1+ Ne7 11. Bxd7+ (11. Bd3 O-O {Ser inte ut att ge vit något speciellt med
tanke på magasinet nere vid södra damflygeln.}) 11... Qxd7 12. d3 {Ser
avslappnat ut.}) 10... Bxa3 11. Bxd7+ Qxd7 12. bxa3 Ne7 13. cxd4 {[#] Luis har
för andra dagen i rad en dubbelbonde på d-linjen. Låt oss bedöma ställingen
lite snabbt. Vit har två dubbelbönder, alltså drar vi av en bonde, vilket
innebär att vi står materiellt lika. Därefter tittar vi på löparen respektive
springaren. Kan löparen angripa något? Svar nej. Kanske g7, men det är
utpoiskt. Kan springaren angripa något? Svar ja. Utan problem kan den börja
trakassera d4-bonden, men när den är besegrad kommer löparens diagonal öppnas.
Alltså blir det lite fifty-fifty där. Hur står det till med utvecklingen?
Svart ligger en aning före. Slutomdömet blir att svart står något bättre.
Svart skall därför gripa initiativet. Vilka punkter skall angripas? Vits kung?
Ja, helst, men för det krävs rejäla omgrupperingar vilka vit troligen kan
neutralisera. Skall han angripa a3-bonden? Ingen tokig idé, men den är
kostnadskrävande. Centrum? Jo absolut. Vi får aldrig glömma av "fokus i
centrum". Men hur skall svart agera i centrum? Naturligt är att ställa
springaren på c6 där den tvingar vits löpare att inta en passiv roll. Hårdare
är f5-fältet där den dels trycker mot d4 och dels är beredd att angripa den
vita monarken. Därefter tar vi e-linjen. Ett torn på e6 är fantastiskt
eftersom den tittar mot både dam- och kungsflygeln där.} O-O 14. Rb1 Nc6 (14...
Nf5) 15. Qa4 a6 {Igår spelade Jonny a3 mot Pontus i ett läge där det fanns
gott om andra alternativ. Idag kommer också ett kantdrag. Kan det vara så att
den framgångsrike skåningen inte anser centrum tillräckligt värdefullt?} (15...
Rfe8 {Hade varit mer i Jonnys stil, eftersom han i första hand är en
pjässpelare.}) 16. Bb2 f5 17. Bc3 f4 18. f3 Rae8 19. Qb3 b5 {Jag tycker inte
om svarts koncept. Varför skall man ge vit möjligheten att byta bönder medelst
a4?} 20. Rbe1 (20. a4 b4 21. Bxb4 Nxd4 22. Qd3 {Och vit har fått lite linjer
och diagonaler. Lyckas han bara neutralisera svarts lilla initiativ kan det
bli riktigt roligt.}) 20... Re6 21. Qb1 Rfe8 22. Qf5 g6 23. Qg4 Qf7 24. Rxe6
Rxe6 {Luis har tagit fasta på att f4-bonden är svag, en annan bra sak med
damen är att den hotar att angripa a6-bonden bakvägen.} 25. Kf2 Qe7 26. Qxf4
Qxa3 27. Qc7 Qe7 28. Qxe7 Rxe7 29. Rc1 $1 {[#] Frågan är om inte vit börjar få
ordning på grejerna nu.} Kf7 30. a3 Rb7 31. Bb4 Nxd4 32. Rc8 Nb3 33. Ra8 Rb6
34. Ra7+ Kf6 35. g4 ({Luis bryr sig inte om bonden, eftersom svart hinner få
motspel.} 35. Rxh7 a5 36. Be7+ Ke5 37. Bd8 Rc6 38. Rb7 Nxd2 39. Rxb5 Rc2) 35...
Ke5 36. Re7+ Kd4 37. Re3 Nc1 $6 (37... Nc5) 38. Bc3+ Kc5 39. Ba5 (39. d4+ Kc4
40. Ba5 b4 41. Bxb6 b3 42. Rxb3 Nxb3 43. Ke3 Na1 44. Kf4 Nc2 45. Ke5 g5 {
Är minst lika spel för svart.}) 39... Rc6 40. Rc3+ Kd6 {Tidsnöden är avklarad
och ställningen är lika. De knuffar lite på varandra för att kompisarna på
gården skall tycka att de är tuffa.} 41. Bb4+ Kd7 42. Rxc6 Kxc6 43. Ke3 Nb3 44.
d4 a5 45. Bc3 Kd6 46. h4 Ke6 47. Kd3 Kd7 48. Kc2 a4 49. Kd3 Nc1+ 50. Ke3 Ke6
51. Bd2 Nb3 52. Kd3 Kd6 53. Bb4+ Ke6 1/2-1/2